000 00684nam a2200289Ia 4500
005 20260324112830.0
008 008 260324s9999 xx 000 0 eng d
020 _a9781032726168
037 _aEBOOK
040 _aCRL
040 _beng
040 _cCRL
041 _2eng
041 _aeng
084 _qCRL
100 _aGiulio Palermo
_91144318
245 4 _aThe Myth of the Global Market
245 2 _bA Marxist Critique of Neoliberalism
260 _bTaylor and Francis
260 _c2024
365 _a
365 _b220
856 _uhttp://www.taylorfrancis.com/books/9781032726168
942 _cEBOOK
999 _c1733686
_d1733686